|
|
|
|
| LEADER |
02465nam a2200613 i 4500 |
| 001 |
nkc20233507859 |
| 003 |
CZ PrNK |
| 005 |
20230324094723.0 |
| 007 |
ta |
| 008 |
230317s2021 xr ab f 000 0 ger |
| 015 |
|
|
|a cnb003507859
|
| 020 |
|
|
|a 978-80-87889-17-6
|q (brožováno)
|
| 040 |
|
|
|a BOA001
|b cze
|e rda
|
| 041 |
1 |
|
|a ger
|a cze
|h ger
|
| 043 |
|
|
|a e-gx---
|a e-xr---
|b e-xr-cc
|2 czenas
|
| 072 |
|
7 |
|a 502
|x Životní prostředí a jeho ochrana
|2 Konspekt
|9 2
|
| 080 |
|
|
|a 911.53:622
|2 MRF
|
| 080 |
|
|
|a 502.5
|2 MRF
|
| 080 |
|
|
|a 574.2
|2 MRF
|
| 080 |
|
|
|a 502.2
|2 MRF
|
| 080 |
|
|
|a (437.31-15)
|2 MRF
|
| 080 |
|
|
|a (430-11)
|2 MRF
|
| 080 |
|
|
|a (082)
|2 MRF
|
| 100 |
1 |
|
|a Kubát, Karel,
|d 1941-
|7 xx0004322
|4 aut
|4 edt
|4 pht
|
| 245 |
1 |
0 |
|a Bergbaubiotope im sächsisch-böhmischen Erzgebirge =
|b Hornické biotopy na české a saské straně Krušných hor /
|c Karel Kubát, Frank Müller, Reinhild Müller, Jitka Pollakis, Iva Machová
|
| 246 |
3 |
1 |
|a Hornické biotopy na české a saské straně Krušných hor
|
| 250 |
|
|
|a Ausgabe: erste
|
| 264 |
|
1 |
|a Ústí nad Labem ;
|a Dresden :
|b CDSM.cz,
|c 2021
|
| 300 |
|
|
|a 153 stran :
|b barevné ilustrace, 1 mapa ;
|c 21 cm
|
| 336 |
|
|
|a text
|b txt
|2 rdacontent
|
| 337 |
|
|
|a bez média
|b n
|2 rdamedia
|
| 338 |
|
|
|a svazek
|b nc
|2 rdacarrier
|
| 500 |
|
|
|a Správné místo vydání je pouze Ústí nad Labem
|
| 500 |
|
|
|a 250 výtisků
|
| 504 |
|
|
|a Obsahuje bibliografii
|
| 546 |
|
|
|a Souběžný český text
|
| 650 |
0 |
7 |
|a hornická krajina
|7 ph229480
|z Česko
|2 czenas
|
| 650 |
0 |
7 |
|a hornická krajina
|7 ph229480
|z Německo
|2 czenas
|
| 650 |
0 |
7 |
|a krajinná ekologie
|7 ph115007
|z Česko
|2 czenas
|
| 650 |
0 |
7 |
|a krajinná ekologie
|7 ph115007
|z Německo
|2 czenas
|
| 650 |
0 |
7 |
|a biotopy
|7 ph118927
|z Česko
|2 czenas
|
| 650 |
0 |
7 |
|a biotopy
|7 ph118927
|z Německo
|2 czenas
|
| 651 |
|
7 |
|a Krušné hory (Česko a Německo : oblast)
|7 ge134292
|x přírodní poměry
|2 czenas
|
| 655 |
|
7 |
|a sborníky
|7 fd163935
|2 czenas
|
| 700 |
1 |
|
|a Müller, Frank
|7 jo2014810065
|4 aut
|
| 700 |
1 |
|
|a Müller, Reinhild
|4 aut
|
| 700 |
1 |
|
|a Pollakis, Jitka,
|d 1988-
|7 mzk20231182107
|4 aut
|
| 700 |
1 |
|
|a Machová, Iva,
|d 1956-
|7 mzk2004261321
|4 aut
|
| 910 |
2 |
|
|a BOA001
|b 2-1506.107
|
| 990 |
|
|
|a BK
|
| 995 |
|
|
|a 60
|
| 991 |
|
|
|b 202303
|c NOV
|
| 996 |
6 |
|
|b 2610934328
|c 2-1506.107
|l MZK
|r Sklad / do 1 hodiny
|n 0
|p p.v.
|w 001919656
|u 000010
|a 1
|e BOA001
|j MZK50
|s P
|
| 996 |
7 |
|
|b 2610934329
|c 2-1506.107
|l MZK
|r Sklad / do 1 hodiny
|n 0
|p dar
|w 001919656
|u 000020
|a 1
|e BOA001
|j MZK50
|s A
|